| 000 | 02008 a2200241 4500 | ||
|---|---|---|---|
| 001 | 29455 | ||
| 005 | 20260407155604.0 | ||
| 008 | 260407a2004 arg spa d | ||
| 003 | AR-UNSa-BCEJYS | ||
| 040 |
_aAR-UNSa-BCEJYS _bspa _cAR-UNSa-BCEJYS |
||
| 080 |
_a347.44 _xContratos en general. Obligaciones |
||
| 245 | 1 | 0 | _aManual de contratos |
| 020 | _a950-20-1575-4 | ||
| 250 | _a20a. ed. | ||
| 264 | 1 |
_aBuenos Aires : _bAbeledo Perrot _c2004 |
|
| 300 |
_a887 p. _c22 cm. |
||
| 505 | _a1. Nociones Generales - 2. Elementos de los contratos . El consentimiento - 3. Elementos de los contratos - 4.Efectos de los contratos - 5. Resolución y extinción de los contratos - 6. Compraventa y permuta; Elementos peculiares de la compraventa; Obligaciones del vendedor; Obligaciones del comprador; Modalidades de la compraventa; Promesas de compra o de venta. Boletos de compra venta; Permuta - 7. Cesión de derechos; Efectos de la cesión - 8. Locación de cosas. Conceptos y elementos; Obligaciones del locador; Obligaciones del locatario; Cesión de la locación y sublocación; Conclusión de la locación; Arrendamientos y aparcerías rurales - 9. Leasing - 10. Contrato de trabajo(Contrato de servicios)- 11. Locación de obra (Contrato de obra); Obligaciones del empresario y del dueño; Cesión y fin del contrato de obra; Contratos afines - 12. Sociedad. Conceptos y elementos; Vida de la sociedad; Sociedades irregulares o de hecho - 13. Donación - 14. Mandato - 15. Gestión de negocios ajenos sin mandato - 16. Fianza - 17. Contratos aleatorios; Juegos y apuesta; Renta vitalicia - 18. Depósito - 19. Préstamos. Mutuo o préstamo de consumo; Comodato o préstamo de uso - 20. Evicción - 21. Fideicomiso. Contrato de fideicomiso; Fideicomiso financiero | ||
| 041 | _aspa | ||
| 942 | _cBK | ||
| 590 | _aniveau_biblio:m niveau_hierar:0 | ||
| 100 | 1 | _aBorda, Guillermo A. | |
| 856 | 4 | 1 |
_uhttps://biblioeco.unsa.edu.ar/pmb/images/libros/Manual de contratos-l87762.jpg _yImagen de portada _qimage/jpeg |
| 999 |
_c1880 _d1880 |
||